000 01406nam0a2200337 i 4500
001 RU\NLR\BIBL_A\011200900
005 20260406071947.0
010 _a9785422007134
_9100
021 _aRU
_b2016-60648
_93850
035 _a(NILC)RuMoRGB-008569601
035 _a(NLR Aleph) 011200900
090 _a11921669
_c11921669
100 _a20160824d2016 cd y0rusy50 ca
101 1 _arus
_cpol
102 _aRU
105 _aac||z|||000ay
200 1 _aДом под каштанами
_e[сказка
_eдля младшего и среднего школьного возраста]
_fХелена Бехлерова
_gпер. с польск. Яны Гончаровой
_gил. и оформ. обл. Василисы Лиситской
210 _aПятигорск
_cПятигорский государственный лингвистический университет
_e2016
215 _a66, [1] с.
_cцв. ил., портр.
_d28
686 0 _aШ9(4П)60-4
686 0 _aШ9(4П)62-4
700 1 _aБехлерова
_bХ.
_f1908-1995
_gХелена
_9127423
_3RU\NLR\AUTH\770127448
702 1 _aЛиситская
_bВ.
_f1989-
_gВасилиса
_4040
801 0 _aRU
_bРГБ
_c20160804
_gRCR
942 _cBOOK
980 _aNBR